|
|
|
|
| LEADER |
00000nam a2200000 a 4500 |
| 001 |
vtls001484962 |
| 003 |
SK-MaSNL |
| 005 |
20260301074116.0 |
| 008 |
240313s1941 xx 0 und |
| 035 |
|
|
|a SNK000440256
|
| 040 |
|
|
|a SNK
|b slo
|c SNK
|e AACR2
|
| 100 |
1 |
|
|a Novotný, Ant.
|4 aut
|9 396203
|
| 245 |
1 |
|
|a Helena Johnova
|
| 250 |
|
|
|a 1. vyd.
|
| 260 |
|
|
|a Prag
|b Vladimír Žikeš
|c [1941]
|
| 300 |
|
|
|a 46 s., 33 s.
|
| 650 |
0 |
7 |
|a výtvarné umenie
|2 SNKPH
|9 723
|
| 650 |
0 |
7 |
|a keramika
|2 SNKPH
|9 3061
|
| 999 |
|
|
|c 646232
|d 648162
|
| 952 |
|
|
|t P60, <04>, [BOOK], {604}
|a SNK
|b SNK
|y VYP
|7 0
|p 17A0448416
|o snkIB 9600
|i snkK 678/60
|0 0
|1 0
|4 0
|d 2004-11-05
|l 0
|r 2005-01-02 00:00:00
|w 2026-02-23
|